000 00668cab a2200217 4500
001 WB3039-29
008 090401t1994 xxu||||| |||| 00| 0 eng d
035 _a(Sirsi) u71202
041 _aeng
245 _aProfessional indemnity
260 _c1994
350 _a0
490 _aProperty Week
_v49(3) 20 October 1994, 20(1)
520 _aResidential valuers are looking to overseas insurance firms for professional indemnity cover as the costs in the UK rise.
650 _aPROFESSIONAL INDEMNITY INSURANCE
650 _aPROFESSIONAL INDEMNITY INSURANCE
650 _aRESIDENTIAL VALUERS
690 _aINSURANCE
_96249
942 _n0
948 _c04/03/1997
999 _c44856
_d44856